000 01142nam a22002057a 4500
999 _c57342
_d57342
003 Ge_BSU
005 20200527133858.0
008 200527s2011 ge ||||| |||| 00| 0 geo d
041 _ageo
080 _a615.212.7. 07 ნ-15
100 _aნადარეიშვილი, ნინო
_98214
245 _aგავრცელებული ნარკოტიკული საშუალებები და პრეკურსორები :
_bნარკოტიკული საშუალებებისა და ფსიქოტროპული ნივთიერებების ნუსხა. მეთოდური სახელმძღვანელო /
_cნინო ნადარეიშვილი.
250 _aმეორე გამოცემა
264 _aთბ. :
_b ბონა კაუზა,
_c2011.
300 _a117 გვ. ;
_b21 სმ.
490 _aიურისტის ბიბლიოთეკა
653 _aნარკოტიკული საშუალებები
653 _aსამართალი
942 _2udc
_cBK